000 00328 a2200157 4500
001 50552
020 _a9781407167305
040 _cAnchieta - Bela Vista
100 _aBeddall, Fiona
240 1 0 _aMalala
_leng
245 1 0 _aMalala
300 _a40
362 0 _a2015
650 4 _aLiteratura juvenil em inglês
942 _cBK
999 _c50552
_d50552